| 000 | 03108cam a22004457i 4500 | ||
|---|---|---|---|
| 001 | data | ||
| 005 | 20260322212110.0 | ||
| 008 | data | ||
| 035 | _a23085563 | ||
| 906 |
_a7 _bcbc _ccopycat _d2 _encip _f20 _gy-gencatlg |
||
| 925 | 0 |
_aacquire _b1 shelf copy _xpolicy default |
|
| 010 | _a 2023275876 | ||
| 020 |
_a1666732052 _q(paperback) |
||
| 020 |
_a9781666732054 _q(paperback) |
||
| 020 |
_a9781666725315 _q(hardcover) |
||
| 020 |
_a1666725315 _q(hardcover) |
||
| 035 | _a(OCoLC)1370201399 | ||
| 040 |
_aYDX _beng _cYDX _erda _dDLC _dYDX _dPTS _dOCLCF _dCNTAB _dDLC |
||
| 042 | _alccopycat | ||
| 043 | _an-cn--- | ||
| 050 | 0 | 0 |
_aBR570 _b.W663 2023 |
| 100 | 1 |
_aWood Daly, Michael, _eauthor. |
|
| 245 | 1 | 0 |
_aGod doesn't live here anymore : _bdecline and resilience in the Canadian Church / _cMichael Wood Daly ; foreword by Joel Thiessen. |
| 264 | 1 |
_aEugene, Oregon : _bCascade Books, _c[2023] |
|
| 264 | 4 | _c©2023 | |
| 300 |
_axxi, 231 pages : _billustrations ; _c23 cm |
||
| 336 |
_atext _btxt _2rdacontent |
||
| 337 |
_aunmediated _bn _2rdamedia |
||
| 338 |
_avolume _bnc _2rdacarrier |
||
| 504 | _aIncludes bibliographical references (pages 201-218) and index. | ||
| 505 | 0 | _a1 The house of God: biblical perspectives on places of faith -- 2 Expanding markets: growth of the Mediterranean church -- 3 Moving heaven and earth: dominance in Europe -- 4 Brave new world: the church invades Turtle Island -- 5 Steeplechase: the Canadian church in the Twentieth Century -- 6 Just a brick in the wall: declining attendance and shifting values -- 7 House for sale: a market update -- 8 No place like home: finding a way forward. | |
| 520 |
_a"The church in Canada is in trouble. Media reports suggest that nine thousand churches are likely to close over the next ten years. The United Church of Canada reports closing a congregation a week. The Anglican Church of Canada anticipates closing its last congregation by 2040, and the Roman Catholic Church, Canada's largest religious denomination, reports having closed one-fifth of the tradition's 2,500 congregations. God Doesn't Live Here Anymore traces the story of the church in Canada from its far off historical roots in biblical times, rise to dominance in medieval Europe, role in the colonization of Canada, strained relations with Canada's First Nations, twentieth-century prominence, and the church's dramatic decline and loss of influence entering the twenty-first century. Wood Daly pulls no punches in calling the church to accept responsibility for its own decline, while maintaining hope that resurrection is still possible. The church, as Canadians may know it, might disappear, but for Christians death has never been the end of the story." -- _cPage 4 of cover. |
||
| 650 | 0 |
_aChurch attendance _zCanada. |
|
| 650 | 7 |
_aChurch history. _2fast _0(OCoLC)fst00860740 |
|
| 651 | 0 |
_aCanada _xChurch history. |
|
| 651 | 7 |
_aCanada. _2fast _0(OCoLC)fst01204310 |
|
| 655 | 7 |
_aChurch history. _2fast _0(OCoLC)fst01411629 |
|
| 700 | 1 |
_aThiessen, Joel, _d1981- _ewriter of foreword. |
|
| 999 |
_c1645 _d1645 |
||